O právu na stávku.
Legalita štrajkov v našich dejinách. Právo na štrajk v západoeurópskych krajinách. Právna definícia štrajku. Druhy a formy štrajkov. Právo na štrajk v medzinárodnom práve. Česko-slovenská právna úprava štrajku.
Salvato in:
| Autore principale: | |
|---|---|
| Natura: | Capitolo di libro |
| Lingua: | ceco |
| Soggetti: | |
| Tags: |
Nessun Tag, puoi essere il primo ad aggiungerne!!
|
MARC
| LEADER | 00000naa a2200000 4500 | ||
|---|---|---|---|
| 001 | r007516 | ||
| 005 | 20221125081025.4 | ||
| 041 | 0 | |a cze | |
| 044 | |a [CS] | ||
| 245 | 1 | 0 | |a O právu na stávku. |c B. Šubrt |
| 520 | |a Legalita štrajkov v našich dejinách. Právo na štrajk v západoeurópskych krajinách. Právna definícia štrajku. Druhy a formy štrajkov. Právo na štrajk v medzinárodnom práve. Česko-slovenská právna úprava štrajku. | ||
| 610 | 2 | 0 | |a štrajky |
| 610 | 2 | 0 | |a história |
| 610 | 2 | 0 | |a právo |
| 610 | 2 | 0 | |a právo medzinárodné |
| 610 | 2 | 0 | |a západná Európa |
| 610 | 2 | 0 | |a ČSFR |
| 610 | 2 | 0 | |a práva pracovníkov |
| 100 | 1 | |a Šubrt, B. | |